Kolektívne investovanie v krajinách V4 bakalárska práca

Gespeichert in:
Bibliographische Detailangaben
1. Verfasser: Tóthová, Tímea
Körperschaft: Národohospodárska fakulta EU. Katedra bankovníctva a medzinárodných financií
Weitere Verfasser: Matušovič, Denis
Format: Buch
Sprache:Slowakisch
Veröffentlicht: Bratislava 2021
Tags: Tag hinzufügen
Keine Tags, Fügen Sie das erste Tag hinzu!

MARC

LEADER 00000nbm a2200000 4500
001 0275146
005 20220110114512.2
041 0 |a slo 
044 |a SK 
245 1 0 |a Kolektívne investovanie v krajinách V4  |b bakalárska práca  |c Tímea Tóthová ; školiteľ: Denis Matušovič 
264 1 |a Bratislava  |c 2021 
300 |a 43 s. 
100 1 |a Tóthová, Tímea 
700 1 |a Matušovič, Denis 
710 2 |a Národohospodárska fakulta EU. Katedra bankovníctva a medzinárodných financií